000 00540nam a2200181Ia 4500
003 IN-BaIIA
008 211028s9999 xx 000 0 eng d
020 _a0-470-02334-1
040 _cIIA Library
080 _a52-76
_bALL
100 _aAllen, David A
_911739
245 0 _aInfrared
_bthe new astronomy
_cDavid A Allen
260 _aNew York
_bJohn Wiley & Sons
_c1975
300 _a228p.
650 _aAstronomy and astrophysics thesaurus
650 _aInfrared astronomy
_95673
942 _cBK
999 _c6880
_d6880